| 000 | 00591nam a22002177a 4500 | ||
|---|---|---|---|
| 005 | 20230208095742.0 | ||
| 008 | 230208b ||||| |||| 00| 0 eng d | ||
| 020 | _a8131409228 | ||
| 040 | _cAL | ||
| 041 | _aEnglish | ||
| 082 |
_223 _a339 _bICFM |
||
| 100 |
_aICFAI University _971203 |
||
| 245 | _aMacroeconomics : Study Guide | ||
| 260 |
_aHyderabad _bThe ICFAI University _c2005 |
||
| 300 |
_a300 p. _bPB _c27x20 cm. |
||
| 650 |
_aEconomics _971186 |
||
| 650 |
_aEconomic Analysis _971204 |
||
| 650 |
_aMoney Supply _971205 |
||
| 700 |
_aICFAI UNIVERSITY _971187 |
||
| 942 |
_2ddc _cDB |
||
| 999 |
_c226604 _d226604 |
||